[Event "Guernsey Open 14th"]
[Site "Guernsey"]
[Date "1988.10.20"]
[Round "5"]
[White "Le Blancq, Simon Charles"]
[Black "Cooper, David M"]
[Result "1-0"]
[WhiteElo "2280"]
[BlackElo "1904"]
[PlyCount "99"]
[EventDate "1988.10.16"]
[EventType "swiss"]
[EventRounds "7"]
[EventCountry "GCI"]
[SourceTitle "BritBase"]
[Source "John Saunders"]
[SourceDate "2025.07.03"]
[SourceVersion "1"]
[SourceVersionDate "2025.07.03"]
[SourceQuality "1"]

1. e4 e6 2. d4 d5 3. Nc3 Nf6 4. exd5 exd5 5. Bd3 Nc6 6. Nge2 Bg4 7. f3 Bh5 8. Bg5 Bb4 9. Qd2 Bg6 10. O-O-O O-O 11. Bxg6 fxg6 12. Nf4 Bxc3 13. Qxc3 Qd7 14. Nd3 Qf5 15. Bh4 g5 16. Bg3 g4 17. Ne5 gxf3 18. Nxc6 bxc6 19. gxf3 Nh5 20. Qxc6 Nxg3 21. hxg3 Qxf3 22. b3 Rac8 23. Kb2 Rcd8 24. Qe6+ Qf7 25. Qa6 c6 26. Qxc6 Rc8 27. Qa6 Qf3 28. Qd3 Qxd3 29. Rxd3 Rf2 30. Rc1 h5 31. Re3 Rd2 32. Re5 Rxd4 33. Rxh5 Rd2 34. Rf5 Rc6 35. Rf3 Rg6 36. Re1 d4 37. Re8+ Kh7 38. Rc8 Re6 39. b4 Ree2 40. Kb3 Kg6 41. Rc7 Rg2 42. b5 d3 43. Rxd3 Rxd3+ 44. cxd3 Rxg3 45. Kc3 Kf5 46. Rxa7 Rg1 47. a4 g5 48. b6 Rb1 49. Ra5+ Kf4 50. Rb5 {n.b. Mega 2022 interpreted these  games as being played by Debbie M Evans (whose surname was Cooper at the time) - this is not yet established. The Guernsey Festival records the games played by a male D M Cooper.} 1-0

[Event "Guernsey Open 14th"]
[Site "Guernsey"]
[Date "1988.10.20"]
[Round "5"]
[White "Monte, Peter J"]
[Black "Ballon, Guenther Jan"]
[Result "0-1"]
[WhiteElo "1950"]
[BlackElo "2330"]
[PlyCount "62"]
[EventDate "1988.10.16"]
[EventType "swiss"]
[EventRounds "7"]
[EventCountry "GCI"]
[SourceTitle "BritBase"]
[Source "John Saunders"]
[SourceDate "2025.07.03"]
[SourceVersion "1"]
[SourceVersionDate "2025.07.03"]
[SourceQuality "1"]

1. f4 g6 2. Nf3 Bg7 3. d3 d5 4. g3 c5 5. Bg2 Nc6 6. O-O e6 7. a4 Nge7 8. Na3 O-O 9. c3 b6 10. Qc2 Bb7 11. e4 a6 12. g4 b5 13. f5 b4 14. Nb1 Qd7 15. Ng5 exf5 16. gxf5 gxf5 17. exf5 Nxf5 18. Bh3 Nce7 19. Rxf5 Nxf5 20. d4 Bc8 21. Nd2 h6 22. Nde4 dxe4 23. Qxe4 Ra7 24. Nf3 cxd4 25. Ne5 Qe6 26. Bf4 f6 27. Bxf5 Qxf5 28. Qxf5 Bxf5 29. Nc6 dxc3 30. bxc3 b3 31. Bc1 Rb7 0-1

[Event "Guernsey Open 14th"]
[Site "Guernsey"]
[Date "1988.10.20"]
[Round "5"]
[White "Rayner, Francis"]
[Black "Hauptmann, Thomas"]
[Result "1-0"]
[WhiteElo "2144"]
[BlackElo "1928"]
[PlyCount "113"]
[EventDate "1988.10.16"]
[EventType "swiss"]
[EventRounds "7"]
[EventCountry "GCI"]
[SourceTitle "BritBase"]
[Source "John Saunders"]
[SourceDate "2025.07.03"]
[SourceVersion "1"]
[SourceVersionDate "2025.07.03"]
[SourceQuality "1"]

1. e4 c5 2. Nf3 Nc6 3. Bb5 g6 4. c3 Bg7 5. d4 cxd4 6. O-O dxc3 7. Nxc3 Nf6 8. Qe2 O-O 9. Rd1 a6 10. Bc4 b5 11. Bb3 Bb7 12. e5 Ne8 13. e6 Nd6 14. exf7+ Kh8 15. Ng5 Nd4 16. Qg4 h5 17. Qh3 Nxb3 18. axb3 Qb6 19. Be3 Qc6 20. Rac1 Nxf7 21. Nd5 Nxg5 22. Bxg5 Qe6 23. Qxe6 dxe6 24. Nxe7 Kh7 25. Rd7 Be4 26. f3 Bf5 27. Rcc7 Rf7 28. Nxf5 Rxd7 29. Rxd7 exf5 30. Bf6 Rg8 31. Ra7 Kh6 32. Bxg7+ Rxg7 33. Rxa6 Rc7 34. Rb6 Rc5 35. f4 Kg7 36. Kf2 Kf7 37. Kg3 Rd5 38. b4 Rd3+ 39. Kf2 Rd2+ 40. Kf3 Rxb2 41. Rxb5 Rb3+ 42. Kf2 Rb2+ 43. Kg3 Rb3+ 44. Kh4 Rb2 45. Kh3 Ke6 46. Rb6+ Kf7 47. b5 Kg7 48. Rb8 Kf7 49. Rb7+ Kf6 50. Rb6+ Kf7 51. Rb8 Kg7 52. b6 Kf7 53. b7 Kg7 54. Kh4 Rb4 55. Kg5 Rb6 56. Rc8 Rxb7 57. Rc6 1-0

[Event "Guernsey Open 14th"]
[Site "Guernsey"]
[Date "1988.10.20"]
[Round "5"]
[White "Thurlow, Kevin J"]
[Black "Doelman, A"]
[Result "1/2-1/2"]
[WhiteElo "2048"]
[BlackElo "1850"]
[PlyCount "37"]
[EventDate "1988.10.16"]
[EventType "swiss"]
[EventRounds "7"]
[EventCountry "GCI"]
[SourceTitle "BritBase"]
[Source "John Saunders"]
[SourceDate "2025.07.03"]
[SourceVersion "1"]
[SourceVersionDate "2025.07.03"]
[SourceQuality "1"]

1. c4 e6 2. Nc3 d5 3. d4 Nf6 4. Nf3 Nbd7 5. Bg5 Be7 6. e3 O-O 7. Qc2 c6 8. cxd5 exd5 9. Bd3 Re8 10. O-O-O Nf8 11. Ne5 Ng4 12. Bf4 Bd6 13. Nxg4 Bxg4 14. f3 Bh5 15. g4 Bg6 16. h4 Bxd3 17. Qxd3 Bxf4 18. exf4 Qd6 19. Qd2 {Source: Kevin J  Thurlow} 1/2-1/2

[Event "Guernsey Open 14th"]
[Site "Guernsey"]
[Date "1988.10.20"]
[Round "5"]
[White "Wells, Peter K"]
[Black "Cullip, Stephen J"]
[Result "1-0"]
[WhiteElo "2410"]
[BlackElo "2088"]
[PlyCount "67"]
[EventDate "1988.10.16"]
[EventType "swiss"]
[EventRounds "7"]
[EventCountry "GCI"]
[SourceTitle "BritBase"]
[Source "John Saunders"]
[SourceDate "2025.07.03"]
[SourceVersion "1"]
[SourceVersionDate "2025.07.03"]
[SourceQuality "1"]

1. Nf3 Nf6 2. c4 b6 3. g3 e6 4. Bg2 Bb7 5. O-O Be7 6. Nc3 O-O 7. Re1 c5 8. e4 d6 9. d4 cxd4 10. Nxd4 Qc7 11. Be3 a6 12. Rc1 Nc6 13. Nd5 Qd8 14. Nxc6 Bxc6 15. Bxb6 Qd7 16. Nxe7+ Qxe7 17. c5 Qb7 18. Qxd6 Nxe4 19. Qc7 Qxc7 20. Bxc7 Rac8 21. Bxe4 Rxc7 22. Bxc6 Rxc6 23. b4 Rfc8 24. Red1 g6 25. Rd7 Kg7 26. Kf1 e5 27. Ke2 Kf6 28. Rcd1 Rb8 29. R7d6+ Rxd6 30. Rxd6+ Ke7 31. Rb6 Ra8 32. a3 a5 33. b5 Rc8 34. Rb7+ 1-0

[Event "Guernsey Open 14th"]
[Site "Guernsey"]
[Date "1988.10.20"]
[Round "5"]
[White "Whipp, Edwin J"]
[Black "Verhoeff, Alfred"]
[Result "1-0"]
[WhiteElo "2176"]
[BlackElo "1950"]
[PlyCount "83"]
[EventDate "1988.10.16"]
[EventType "swiss"]
[EventRounds "7"]
[EventCountry "GCI"]
[SourceTitle "BritBase"]
[Source "John Saunders"]
[SourceDate "2025.07.03"]
[SourceVersion "1"]
[SourceVersionDate "2025.07.03"]
[SourceQuality "1"]

1. d4 Nf6 2. c4 g6 3. Nc3 Bg7 4. e4 d6 5. f4 O-O 6. Nf3 c5 7. d5 e6 8. Be2 exd5 9. cxd5 Re8 10. e5 dxe5 11. fxe5 Ng4 12. Bg5 Qb6 13. O-O Nxe5 14. d6 c4+ 15. Kh1 Nd3 16. Bxd3 cxd3 17. Qxd3 Be6 18. Nd5 Bxd5 19. Qxd5 Qc6 20. Qd2 Qd7 21. Rad1 Nc6 22. Qf4 Re2 23. h3 Rae8 24. Qc4 R8e4 25. Qd5 h6 26. Bc1 Re6 27. Qd3 R2e4 28. a3 a5 29. b3 Kh7 30. a4 f5 31. Ba3 g5 32. Qb5 Be5 33. Rd5 g4 34. hxg4 fxg4 35. Nxe5 R6xe5 36. Rxe5 Rxe5 37. Qd3+ Kg8 38. Qg6+ Qg7 39. Qxg7+ Kxg7 40. Bb2 Kg6 41. Bxe5 Nxe5 42. Re1 1-0

[Event "Guernsey Open 14th"]
[Site "Guernsey"]
[Date "1988.10.21"]
[Round "6"]
[White "Ballon, Guenther Jan"]
[Black "Whipp, Edwin J"]
[Result "1/2-1/2"]
[WhiteElo "2330"]
[BlackElo "2176"]
[PlyCount "95"]
[EventDate "1988.10.16"]
[EventType "swiss"]
[EventRounds "7"]
[EventCountry "GCI"]
[SourceTitle "BritBase"]
[Source "John Saunders"]
[SourceDate "2025.07.03"]
[SourceVersion "1"]
[SourceVersionDate "2025.07.03"]
[SourceQuality "1"]

1. d4 d5 2. Nf3 Nf6 3. c4 c6 4. e3 e6 5. Nc3 Nbd7 6. Qc2 a6 7. Bd2 dxc4 8. Bxc4 b5 9. Be2 c5 10. O-O Bb7 11. dxc5 Bxc5 12. a3 Rc8 13. b4 Be7 14. Qb2 O-O 15. Rfd1 Nb6 16. Be1 Qc7 17. a4 Nc4 18. Qb3 Nd5 19. axb5 Nxc3 20. Bxc3 axb5 21. Nd4 Qb6 22. Bf3 Rfd8 23. h3 Bxf3 24. Nxf3 Qb7 25. Rxd8+ Rxd8 26. Bd4 Ra8 27. Rxa8+ Qxa8 28. Bc5 Bf6 29. Qd1 Qa1 30. Qxa1 Bxa1 31. Kf1 Ne5 32. Nxe5 Bxe5 33. Ke2 f5 34. Kd3 Kf7 35. e4 g6 36. exf5 exf5 37. f3 Ke6 38. Bf8 Kd5 39. Be7 Bg3 40. Bc5 h5 41. Be7 Ke6 42. Bf8 Ke5 43. Be7 Bf4 44. Bc5 Bg5 45. Bf8 Bh4 46. Bc5 Be1 47. Ke2 Bg3 48. Kd3 1/2-1/2

[Event "Guernsey Open 14th"]
[Site "Guernsey"]
[Date "1988.10.21"]
[Round "6"]
[White "Bellin, Robert"]
[Black "Hanreck, Alan E"]
[Result "1/2-1/2"]
[WhiteElo "2370"]
[BlackElo "2256"]
[PlyCount "65"]
[EventDate "1988.10.16"]
[EventType "swiss"]
[EventRounds "7"]
[EventCountry "GCI"]
[SourceTitle "BritBase"]
[Source "John Saunders"]
[SourceDate "2025.07.03"]
[SourceVersion "1"]
[SourceVersionDate "2025.07.03"]
[SourceQuality "1"]

1. e4 c6 2. d4 d5 3. Nc3 dxe4 4. Nxe4 Nf6 5. Nxf6+ exf6 6. c3 Bd6 7. Bd3 O-O 8. Qc2 Re8+ 9. Ne2 Kh8 10. O-O Nd7 11. Bf4 Nf8 12. Bg3 f5 13. Qd2 Be6 14. Rfe1 a5 15. a3 a4 16. Bc2 b5 17. Bxd6 Qxd6 18. Qf4 Red8 19. Qf3 g6 20. Nf4 Bc4 21. h4 Ne6 22. Nxe6 Bxe6 23. Qe3 Re8 24. Qd2 Re7 25. Re5 f6 26. Re3 Rae8 27. Rae1 Bd5 28. h5 Kg7 29. Rxe7+ Rxe7 30. Re3 Rxe3 31. Qxe3 f4 32. Qe8 f5 33. Bd1 1/2-1/2

[Event "Guernsey Open 14th"]
[Site "Guernsey"]
[Date "1988.10.21"]
[Round "6"]
[White "Cullip, Stephen J"]
[Black "Becx, Cesar"]
[Result "1/2-1/2"]
[WhiteElo "2088"]
[BlackElo "2295"]
[PlyCount "79"]
[EventDate "1988.10.16"]
[EventType "swiss"]
[EventRounds "7"]
[EventCountry "GCI"]
[SourceTitle "BritBase"]
[Source "John Saunders"]
[SourceDate "2025.07.03"]
[SourceVersion "1"]
[SourceVersionDate "2025.07.03"]
[SourceQuality "1"]

1. e4 e5 2. Nf3 Nc6 3. Bb5 f5 4. Nc3 fxe4 5. Nxe4 d5 6. Nxe5 dxe4 7. Nxc6 Qd5 8. c4 Qd6 9. Nxa7+ Bd7 10. Bxd7+ Qxd7 11. Nb5 Nf6 12. O-O c6 13. Nc3 Bc5 14. d4 exd3 15. Re1+ Kf7 16. Be3 Bxe3 17. Rxe3 Rad8 18. Qf3 Rhe8 19. Ne4 Qd4 20. Nxf6 Rxe3 21. fxe3 Qxf6 22. Rd1 Ke7 23. Rd2 Qe5 24. Qf4 Ke6 25. Kf2 Rd7 26. Ke1 Qxf4 27. exf4 Kf5 28. Rf2 Rd4 29. Kd2 Rxc4 30. Kxd3 Rxf4 31. Rxf4+ Kxf4 32. Kd4 b6 33. a4 Kf5 34. b4 Ke6 35. Kc4 Kd6 36. a5 Kc7 37. h4 Kb7 38. h5 Ka7 39. axb6+ Kxb6 40. g4 1/2-1/2

[Event "Guernsey Open 14th"]
[Site "Guernsey"]
[Date "1988.10.21"]
[Round "6"]
[White "Cutter, Paul J"]
[Black "Thurlow, Kevin J"]
[Result "1/2-1/2"]
[WhiteElo "1820"]
[BlackElo "2048"]
[PlyCount "121"]
[EventDate "1988.10.16"]
[EventType "swiss"]
[EventRounds "7"]
[EventCountry "GCI"]
[SourceTitle "BritBase"]
[Source "John Saunders"]
[SourceDate "2025.07.03"]
[SourceVersion "1"]
[SourceVersionDate "2025.07.03"]
[SourceQuality "1"]

1. e4 c5 2. c3 g6 3. d4 cxd4 4. cxd4 d5 5. exd5 Nf6 6. Bb5+ Bd7 7. Bxd7+ Qxd7 8. Nc3 Nxd5 9. Nxd5 Qxd5 10. Nf3 Bg7 11. O-O O-O 12. Be3 Nc6 13. Qd2 Rfd8 14. Rfd1 Rd7 15. Rac1 Rad8 16. Rc5 Qxa2 17. Qc1 e5 18. d5 Rxd5 19. Rcxd5 Rxd5 20. Rxd5 Qxd5 21. h3 f5 22. Bh6 f4 23. Bxg7 Kxg7 24. Qc3 a5 25. Kh2 b5 26. Nd2 a4 27. f3 b4 28. Qc1 a3 29. bxa3 bxa3 30. Ne4 a2 31. Nc3 Qc4 32. Nxa2 Qxc1 33. Nxc1 Nb4 34. Nb3 Kf6 35. Nd2 Nd5 36. Ne4+ Kf5 37. Nd6+ Ke6 38. Ne4 h6 39. Nc5+ Kf5 40. Ne4 Nf6 41. Nd6+ Ke6 42. Ne4 Kd5 43. Nf2 Kd4 44. Nd1 e4 45. fxe4 Nxe4 46. Nb2 g5 47. Na4 h5 48. Nb6 Nf6 49. Na4 g4 50. hxg4 hxg4 51. Nb2 Ne4 52. Kg1 Kc3 53. Na4+ Kd2 54. Nb6 Ke2 55. Nd5 f3 56. Nf4+ Ke3 57. gxf3 Kxf3 58. Nd3 g3 59. Ne5+ Kf4 60. Nd3+ Kg4 61. Kg2 {Source: Kevin J Thurlow} 1/2-1/2

[Event "Guernsey Open 14th"]
[Site "Guernsey"]
[Date "1988.10.21"]
[Round "6"]
[White "De Rooi, Paul"]
[Black "Burton, Ronnie"]
[Result "1-0"]
[WhiteElo "2100"]
[BlackElo "2008"]
[PlyCount "95"]
[EventDate "1988.10.16"]
[EventType "swiss"]
[EventRounds "7"]
[EventCountry "GCI"]
[SourceTitle "BritBase"]
[Source "John Saunders"]
[SourceDate "2025.07.03"]
[SourceVersion "1"]
[SourceVersionDate "2025.07.03"]
[SourceQuality "1"]

1. e4 e6 2. d4 b6 3. Nc3 Bb7 4. d5 Bb4 5. Nge2 Qh4 6. Bf4 d6 7. g3 Qh5 8. Bg2 Nf6 9. a3 Bxc3+ 10. Nxc3 Qxd1+ 11. Rxd1 exd5 12. Nxd5 Nxd5 13. exd5 O-O 14. O-O Nd7 15. Rfe1 Rfe8 16. c4 a5 17. b4 axb4 18. axb4 Nf6 19. Rxe8+ Rxe8 20. c5 bxc5 21. bxc5 Rd8 22. c6 Ba6 23. Bd2 Re8 24. Ba5 Re7 25. Rb1 g6 26. Rb8+ Kg7 27. Bc3 g5 28. h4 gxh4 29. gxh4 Kg6 30. Rb4 Bd3 31. h5+ Kg5 32. Bh3 Ne4 33. Bg7 Kxh5 34. f3 Nc5 35. Bf6 Re1+ 36. Kf2 Re2+ 37. Kg3 Re3 38. Rh4+ Kg6 39. Bd4 Re1 40. Rg4+ Kh6 41. Kh4 Bg6 42. Bxc5 dxc5 43. Rc4 Re3 44. d6 f5 45. Rxc5 cxd6 46. c7 dxc5 47. c8=Q Rxf3 48. Qf8# 1-0

[Event "Guernsey Open 14th"]
[Site "Guernsey"]
[Date "1988.10.21"]
[Round "6"]
[White "Happel, Hendrik A"]
[Black "Monte, Peter J"]
[Result "1/2-1/2"]
[WhiteElo "2310"]
[BlackElo "1950"]
[PlyCount "107"]
[EventDate "1988.10.16"]
[EventType "swiss"]
[EventRounds "7"]
[EventCountry "GCI"]
[SourceTitle "BritBase"]
[Source "John Saunders"]
[SourceDate "2025.07.03"]
[SourceVersion "1"]
[SourceVersionDate "2025.07.03"]
[SourceQuality "1"]

1. d4 e6 2. e4 d5 3. Nc3 Bb4 4. e5 b6 5. Bd2 Qd7 6. Bb5 c6 7. Ba4 a5 8. a3 Bf8 9. Nce2 b5 10. Bb3 c5 11. dxc5 Nc6 12. Nf3 Bxc5 13. O-O Nge7 14. Bc3 O-O 15. Ned4 Ba6 16. Re1 Qa7 17. Kh1 Qb6 18. Ne2 Bxf2 19. Rf1 Nf5 20. Bd2 Ne3 21. Bxe3 Bxe3 22. Nc1 b4 23. Nd3 Nd4 24. Nxd4 Qxd4 25. Re1 Bh6 26. axb4 axb4 27. Rb1 Bb5 28. Qf3 Ra7 29. h3 Rfa8 30. Kh2 Bd2 31. Re2 Bh6 32. Rf1 g6 33. g3 Bg7 34. Qf4 Qxf4 35. Rxf4 Ra1 36. Rxb4 Bc6 37. Rb6 Rc8 38. g4 g5 39. c3 Bf8 40. Rd2 Be7 41. Nb4 Ba8 42. Rd1 Rxd1 43. Bxd1 Bc5 44. Rb5 Be3 45. Nd3 Bc6 46. Ra5 d4 47. Rc5 dxc3 48. Rxc3 Rd8 49. Kg3 Be4 50. Be2 Bxd3 51. Rxd3 Bf4+ 52. Kf3 Rb8 53. b3 Bxe5 54. Ke4 1/2-1/2

[Event "Guernsey Open 14th"]
[Site "Guernsey"]
[Date "1988.10.21"]
[Round "6"]
[White "Hebden, Mark L"]
[Black "Fassaert, Desire JM"]
[Result "1-0"]
[WhiteElo "2475"]
[BlackElo "1931"]
[PlyCount "33"]
[EventDate "1988.10.16"]
[EventType "swiss"]
[EventRounds "7"]
[EventCountry "GCI"]
[SourceTitle "BritBase"]
[Source "John Saunders"]
[SourceDate "2025.07.03"]
[SourceVersion "1"]
[SourceVersionDate "2025.07.03"]
[SourceQuality "1"]

1. e4 e5 2. f4 exf4 3. Nf3 Be7 4. Bc4 Nf6 5. e5 Ng4 6. O-O d6 7. exd6 Qxd6 8. d4 O-O 9. Nc3 c6 10. h3 Ne3 11. Bxe3 fxe3 12. Ne5 Bh4 13. Rxf7 Be6 14. Ne4 Bf2+ 15. Kh2 Qxe5+ 16. dxe5 Bxf7 17. e6 1-0

[Event "Guernsey Open 14th"]
[Site "Guernsey"]
[Date "1988.10.21"]
[Round "6"]
[White "Kinsman, Andrew PH"]
[Black "Wells, Peter K"]
[Result "0-1"]
[WhiteElo "2340"]
[BlackElo "2410"]
[PlyCount "56"]
[EventDate "1988.10.16"]
[EventType "swiss"]
[EventRounds "7"]
[EventCountry "GCI"]
[SourceTitle "BritBase"]
[Source "John Saunders"]
[SourceDate "2025.07.03"]
[SourceVersion "1"]
[SourceVersionDate "2025.07.03"]
[SourceQuality "1"]

1. d4 Nf6 2. Nf3 e6 3. c4 Bb4+ 4. Nbd2 O-O 5. a3 Be7 6. e4 d5 7. Qc2 c5 8. dxc5 a5 9. Bd3 dxe4 10. Nxe4 Nxe4 11. Bxe4 f5 12. Bd3 Nc6 13. Bf4 g5 14. Bd6 g4 15. Ne5 Bxd6 16. Nxc6 bxc6 17. cxd6 Qxd6 18. O-O-O c5 19. Kb1 Qe5 20. h3 gxh3 21. Rxh3 Rb8 22. Re3 Qf6 23. f4 Rf7 24. Re5 Rfb7 25. Rd2 Qh4 26. Rxc5 Bd7 27. Rxa5 Rxb2+ 28. Qxb2 Qe1+ 0-1

[Event "Guernsey Open 14th"]
[Site "Guernsey"]
[Date "1988.10.21"]
[Round "6"]
[White "Lindner, Jan Joost"]
[Black "Wessels, Cornelis"]
[Result "1-0"]
[WhiteElo "2267"]
[BlackElo "1934"]
[PlyCount "91"]
[EventDate "1988.10.16"]
[EventType "swiss"]
[EventRounds "7"]
[EventCountry "GCI"]
[SourceTitle "BritBase"]
[Source "John Saunders"]
[SourceDate "2025.07.03"]
[SourceVersion "1"]
[SourceVersionDate "2025.07.03"]
[SourceQuality "1"]

1. c4 f5 2. d4 g6 3. h4 Nf6 4. Bg5 Ne4 5. Nc3 Nxc3 6. bxc3 c5 7. h5 Bg7 8. h6 Bf6 9. Bxf6 exf6 10. e3 d6 11. Ne2 Nc6 12. Nf4 O-O 13. Be2 Ne7 14. Bf3 Qc7 15. O-O Rb8 16. Bd5+ Nxd5 17. Nxd5 Qf7 18. dxc5 dxc5 19. Qf3 Bd7 20. Rfd1 Bc6 21. Rd2 Rbd8 22. Rad1 Rd7 23. e4 fxe4 24. Qxe4 Bxd5 25. Rxd5 Rfd8 26. Qe3 b6 27. g3 Kf8 28. Qf4 Qe7 29. Rxd7 Rxd7 30. Rxd7 Qxd7 31. Qxf6+ Qf7 32. Qd8+ Qe8 33. Qxe8+ Kxe8 34. f4 g5 35. f5 Ke7 36. Kf2 Kf6 37. g4 Ke7 38. Ke3 Kd7 39. Ke4 Kd6 40. a3 a6 41. a4 a5 42. f6 Ke6 43. f7 Kxf7 44. Kf5 Ke7 45. Kxg5 Ke6 46. Kf4 1-0

[Event "Guernsey Open 14th"]
[Site "Guernsey"]
[Date "1988.10.21"]
[Round "6"]
[White "Llapasset, Jean-Louis"]
[Black "Jacobs, Byron A"]
[Result "0-1"]
[WhiteElo "2090"]
[BlackElo "2320"]
[PlyCount "84"]
[EventDate "1988.10.16"]
[EventType "swiss"]
[EventRounds "7"]
[EventCountry "GCI"]
[SourceTitle "BritBase"]
[Source "John Saunders"]
[SourceDate "2025.07.03"]
[SourceVersion "1"]
[SourceVersionDate "2025.07.03"]
[SourceQuality "1"]

1. e4 e5 2. Nc3 Nf6 3. g3 d5 4. exd5 Nxd5 5. Bg2 Nxc3 6. bxc3 Bd6 7. Ne2 O-O 8. O-O c6 9. d3 Bg4 10. h3 Bh5 11. g4 Bg6 12. Rb1 Qc7 13. Ng3 Nd7 14. h4 h6 15. Nf5 Bxf5 16. gxf5 Nf6 17. Be4 Be7 18. f3 Nd5 19. Qe1 Bf6 20. c4 Nf4 21. Kh2 Qe7 22. Bxf4 exf4 23. Qb4 Qc7 24. Qxb7 Qa5 25. Qb4 Qxa2 26. Qb3 Qa5 27. Qb4 Qa2 28. Qb3 Qa5 29. Qb4 Qe5 30. Kh3 a5 31. Qa4 Kh7 32. Qxc6 a4 33. Ra1 a3 34. Ra2 Rfb8 35. Rfa1 Qc3 36. Qc7 Qd2 37. Qxf7 Ra6 38. Qg6+ Kh8 39. Rxa3 Rxa3 40. Rxa3 Qc1 41. Kg4 Qxa3 42. Kxf4 Qc1+ 0-1

[Event "Guernsey Open 14th"]
[Site "Guernsey"]
[Date "1988.10.21"]
[Round "6"]
[White "Martin, Andrew D"]
[Black "Rayner, Francis"]
[Result "1-0"]
[WhiteElo "2430"]
[BlackElo "2144"]
[PlyCount "41"]
[EventDate "1988.10.16"]
[EventType "swiss"]
[EventRounds "7"]
[EventCountry "GCI"]
[SourceTitle "BritBase"]
[Source "John Saunders"]
[SourceDate "2025.07.03"]
[SourceVersion "1"]
[SourceVersionDate "2025.07.03"]
[SourceQuality "1"]

1. e4 e5 2. Nf3 Nc6 3. Bb5 a6 4. Ba4 Nf6 5. O-O Be7 6. d4 exd4 7. e5 Ne4 8. Nxd4 Nxd4 9. Qxd4 Nc5 10. Nc3 Nxa4 11. Qxa4 O-O 12. Bf4 Rb8 13. Rad1 b5 14. Qb3 Bb7 15. Nd5 Bc5 16. Qg3 Kh8 17. Bg5 f6 18. exf6 gxf6 19. Nxf6 Rxf6 20. Rxd7 Qf8 21. Qe5 1-0

[Event "Guernsey Open 14th"]
[Site "Guernsey"]
[Date "1988.10.21"]
[Round "6"]
[White "Overbeeke, A.."]
[Black "Davies, Peter L"]
[Result "0-1"]
[WhiteElo "1925"]
[BlackElo "1795"]
[PlyCount "32"]
[EventDate "1988.10.16"]
[EventType "swiss"]
[EventRounds "7"]
[EventCountry "GCI"]
[SourceTitle "BritBase"]
[Source "John Saunders"]
[SourceDate "2025.07.03"]
[SourceVersion "1"]
[SourceVersionDate "2025.07.03"]
[SourceQuality "1"]

1. e4 e5 2. f4 exf4 3. Nf3 d6 4. d4 g5 5. g3 g4 6. Ng1 f3 7. h3 Bg7 8. hxg4 Bxg4 9. Kf2 h5 10. Bf4 h4 11. Rxh4 Rxh4 12. gxh4 Qxh4+ 13. Bg3 Qh1 14. c3 Qxg1+ 15. Kxg1 f2+ 16. Kxf2 Bxd1 0-1

[Event "Guernsey Open 14th"]
[Site "Guernsey"]
[Date "1988.10.21"]
[Round "6"]
[White "Ruston, Mark R"]
[Black "Archer, Paul R"]
[Result "1-0"]
[WhiteElo "1960"]
[BlackElo "1816"]
[PlyCount "35"]
[EventDate "1988.10.16"]
[EventType "swiss"]
[EventRounds "7"]
[EventCountry "GCI"]
[SourceTitle "BritBase"]
[Source "John Saunders"]
[SourceDate "2025.07.03"]
[SourceVersion "1"]
[SourceVersionDate "2025.07.03"]
[SourceQuality "1"]

1. e4 Nc6 2. Nc3 e5 3. f4 d6 4. Nf3 Nf6 5. Bb5 Bd7 6. O-O Be7 7. Kh1 O-O 8. f5 a6 9. Bxc6 Bxc6 10. d3 h6 11. Qe1 Kh7 12. Nd1 b5 13. Nf2 g6 14. Qe3 Ng8 15. Ng4 gxf5 16. exf5 Bxf3 17. Qxf3 Bg5 18. f6 1-0

[Event "Guernsey Open 14th"]
[Site "Guernsey"]
[Date "1988.10.21"]
[Round "6"]
[White "Schilstra, BJ"]
[Black "Bartels, Hans A"]
[Result "0-1"]
[WhiteElo "1805"]
[BlackElo "2345"]
[PlyCount "100"]
[EventDate "1988.10.16"]
[EventType "swiss"]
[EventRounds "7"]
[EventCountry "GCI"]
[SourceTitle "BritBase"]
[Source "John Saunders"]
[SourceDate "2025.07.03"]
[SourceVersion "1"]
[SourceVersionDate "2025.07.03"]
[SourceQuality "1"]

1. d4 d5 2. Nf3 Nf6 3. c4 dxc4 4. Nc3 a6 5. a4 Nc6 6. e3 Na5 7. Ne5 Be6 8. e4 c6 9. Be3 Nd7 10. f4 Nxe5 11. fxe5 Bd7 12. Be2 g6 13. O-O Bg7 14. Qe1 O-O 15. Qh4 b5 16. Rad1 Nb3 17. Kh1 Qe8 18. Bg5 f6 19. exf6 exf6 20. Bxf6 Bxf6 21. Rxf6 Rxf6 22. Qxf6 Qf8 23. Rf1 Qxf6 24. Rxf6 Nxd4 25. Bxc4+ bxc4 26. Rd6 Ne6 27. Rxd7 Rb8 28. Rd6 Nd8 29. Rd2 Nf7 30. Kg1 Ne5 31. Rc2 Kf7 32. Kf1 Ke7 33. Ke2 Kd6 34. Kd2 Kc5 35. Kc1 Nd3+ 36. Kb1 Rf8 37. Re2 Kd4 38. Nd1 Rf1 39. Kc2 Re1 40. Kd2 Rxe2+ 41. Kxe2 Kxe4 42. Kd2 Kd4 43. Kc2 Ne1+ 44. Kd2 Nxg2 45. Nf2 Nh4 46. h3 h5 47. Nd1 g5 48. Nc3 g4 49. hxg4 hxg4 50. a5 Nf5 0-1

[Event "Guernsey Open 14th"]
[Site "Guernsey"]
[Date "1988.10.21"]
[Round "6"]
[White "Ward, B"]
[Black "Daamen, Ferry"]
[Result "1/2-1/2"]
[WhiteElo "1752"]
[BlackElo "1850"]
[PlyCount "55"]
[EventDate "1988.10.16"]
[EventType "swiss"]
[EventRounds "7"]
[EventCountry "GCI"]
[SourceTitle "BritBase"]
[Source "John Saunders"]
[SourceDate "2025.07.03"]
[SourceVersion "1"]
[SourceVersionDate "2025.07.03"]
[SourceQuality "1"]

1. d4 Nf6 2. c4 g6 3. Nc3 d5 4. cxd5 Nxd5 5. e4 Nxc3 6. bxc3 Bg7 7. Be3 c5 8. Nf3 O-O 9. Rc1 cxd4 10. cxd4 Qa5+ 11. Qd2 Qxd2+ 12. Bxd2 Rd8 13. d5 e6 14. Bc4 exd5 15. Bxd5 Nc6 16. Ng5 Rd7 17. O-O Re7 18. Rfd1 h6 19. Nf3 Bg4 20. Bf4 Ne5 21. Nxe5 Bxe5 22. Bxe5 Rxe5 23. f3 Be6 24. Bxe6 Rxe6 25. Rc7 Ra6 26. Rxb7 Rxa2 27. Rdd7 Rc8 28. h4 {Source: ResearchDb (Canada). Contributed by Paul Brown, 9 August 2025.} 1/2-1/2